00462nam a2200181 a 4500001001300000003000900013005001700022008004100039020001000080082001700090100002200107245004100129260002900170300000800199500003500207505001400242650002400256nice12345678IN_TiNIC20260116011334.0050524s1948 laha grp 000 0 eng  ac10000a912.549bKHA aKhan, Farhatullah aWest Pakistan in Maps and Statistics aLahorebFeroz Sonsc1948 a62p aincludes index and biblioraphy2 areference aPakistan-West-atlas